00524nam a2200181 a 4500001001300000003000900013005001700022008004100039020001000080082001700090100001900107245008000126260005800206300000900264500003500273505001000308650002400318nice12345678IN_TiNIC20260116015231.0050524s2002 haga grp 000 0 eng  ac10000a303.69bBOU1 aBouta, Tsjeard aWomen`s Roles in Conflict Prevention, Conflict Resolution and Post-Conflict aHaguebNetherlands Inst. of International Relatc2002 a340p aincludes index and biblioraphy2 aIndex aConflict Resolution